Identidad y diferencia

Uloženo v:
Podrobná bibliografie
Médium: Kniha
Jazyk:španělština
němčina
Vydáno: Barcelona Anthropos 1988
Vydání:1a. ed
Edice:Autores, Textos y Temas Filosofía, 16
Témata:
Tagy: Přidat tag
Žádné tagy, Buďte první, kdo vytvoří štítek k tomuto záznamu!

MARC

LEADER 00000nam a2200000 a 4500
001 UCL7141
003 CL-VaPUC
008 040507e19880000SP |||||||||||||||||spa|d
020 |a 8476581041 
041 0 7 |a spa  |2 CL-VaPUC 
041 0 7 |a ger  |2 CL-VaPUC 
082 0 4 |a 110  |b HEI  |2 21 
245 1 0 |a Identidad y diferencia 
250 |a 1a. ed 
300 |a 191 p 
942 |c BK 
945 |d 20040507 00:00:00  |a cmena 
260 |a Barcelona  |b Anthropos  |c 1988 
650 0 |a Metafísica  |9 265649 
650 0 |a Filosofía alemana   |9 265002 
583 |a last modification  |c 20040507 00:00:00  |k Rodrigo Vera 
490 0 |a Autores, Textos y Temas Filosofía, 16 
999 |c 308996  |d 308994 
952 |0 0  |1 0  |4 0  |6 110_000000000000000_HEI_1988  |7 0  |8 A  |9 376034  |a BIBARQ  |b BIBARQ  |d 2019-11-21  |i 3969223  |l 4  |m 2  |o 110 HEI 1988  |p 3969223  |r 2025-05-08  |s 2025-05-06  |w 2019-11-21  |y BK  |k ARQ